[Event "Bundesliga 0102"]
[Site "Deutschland"]
[Date "2001.11.25"]
[Round "4.5"]
[White "Lindner, Arnd"]
[Black "Hansen, Curt"]
[Result "0-1"]
[WhiteElo "2120"]
[BlackElo "2626"]
[PlyCount "82"]
[EventDate "2001.10.06"]
[EventType "team"]
[EventRounds "15"]
[EventCountry "GER"]
[SourceTitle "Bundesliga 0102"]
[Source "DeepChess"]
[SourceDate "2005.01.01"]
[SourceVersion "1"]
[SourceVersionDate "2005.01.01"]
[SourceQuality "1"]
[WhiteTeam "SGEM Heiligenhaus 1937 e. V."]
[BlackTeam "SG Porz e.V."]
[WhiteTeamCountry "GER"]
[BlackTeamCountry "GER"]

1. Nf3 c5 2. c4 Nf6 3. Nc3 e6 4. g3 b6 5. Bg2 Bb7 6. O-O Be7 7. b3 O-O 8. Bb2
d6 9. d4 cxd4 10. Qxd4 Nbd7 11. e4 a6 12. h3 Qc7 13. Rac1 Rac8 14. Rfd1 Qb8 15.
Ne1 Rfd8 16. Kh2 Nc5 17. Nd3 Bc6 18. Qe3 Ne8 19. Rc2 Bf8 20. Rcd2 Nxd3 21. Rxd3
b5 22. cxb5 axb5 23. b4 Nc7 24. a3 Na8 25. Ne2 Nb6 26. Nd4 Nc4 27. Qe2 Ba8 28.
Bc1 d5 29. Nb3 dxe4 30. Bxe4 Rxd3 31. Rxd3 Qe5 32. f3 f5 33. Bf4 Qb2 34. Qxb2
Nxb2 35. Rd2 fxe4 36. Rxb2 exf3 37. Nd4 g5 38. Be5 Rc1 39. g4 Rh1+ 40. Kg3 Rg1+
41. Kh2 Re1 0-1

[Event "Bundesliga 0102"]
[Site "Deutschland"]
[Date "2001.11.25"]
[Round "4.6"]
[White "Van den Doel, Erik"]
[Black "Heller, Achim"]
[Result "1-0"]
[WhiteElo "2607"]
[BlackElo "2027"]
[PlyCount "66"]
[EventDate "2001.10.06"]
[EventType "team"]
[EventRounds "15"]
[EventCountry "GER"]
[SourceTitle "Bundesliga 0102"]
[Source "DeepChess"]
[SourceDate "2005.01.01"]
[SourceVersion "1"]
[SourceVersionDate "2005.01.01"]
[SourceQuality "1"]
[WhiteTeam "SG Porz e.V."]
[BlackTeam "SGEM Heiligenhaus 1937 e. V."]
[WhiteTeamCountry "GER"]
[BlackTeamCountry "GER"]

1. e4 c6 2. d4 d5 3. e5 Bf5 4. c3 e6 5. Be3 Nd7 6. Nd2 Ne7 7. f4 h5 8. Be2 Bg6
9. Ngf3 Nf5 10. Bf2 c5 11. O-O Qb6 12. c4 cxd4 13. cxd5 exd5 14. Nb3 Ne3 15.
Bxe3 dxe3 16. Qxd5 O-O-O 17. Rac1+ Kb8 18. Qd4 Bb4 19. Rc4 Bd2 20. Rd1 Rhe8 21.
Nfxd2 exd2 22. Rxd2 Bb1 23. Rb4 Qc7 24. Rc4 Qb6 25. Qxb6 Nxb6 26. Rcd4 Rxd4 27.
Nxd4 g6 28. a3 a6 29. Bf3 Rc8 30. b3 Rc3 31. Kf2 Bd3 32. f5 Nc8 33. f6 Kc7 1-0

[Event "Bundesliga 0102"]
[Site "Deutschland"]
[Date "2001.11.25"]
[Round "4.7"]
[White "Kesseler, Heiko"]
[Black "Bauer, Christian"]
[Result "0-1"]
[WhiteElo "2057"]
[BlackElo "2576"]
[PlyCount "54"]
[EventDate "2001.10.06"]
[EventType "team"]
[EventRounds "15"]
[EventCountry "GER"]
[SourceTitle "Bundesliga 0102"]
[Source "DeepChess"]
[SourceDate "2005.01.01"]
[SourceVersion "1"]
[SourceVersionDate "2005.01.01"]
[SourceQuality "1"]
[WhiteTeam "SGEM Heiligenhaus 1937 e. V."]
[BlackTeam "SG Porz e.V."]
[WhiteTeamCountry "GER"]
[BlackTeamCountry "GER"]

1. e4 d6 2. d4 Nf6 3. Nc3 Nbd7 4. f4 e5 5. Nf3 exd4 6. Qxd4 c6 7. h3 d5 8. exd5
Bc5 9. Qc4 O-O 10. Ne5 cxd5 11. Qd3 Re8 12. Be2 Qb6 13. Rf1 d4 14. Ne4 Nxe4 15.
Qxe4 Bb4+ 16. Kd1 Nc5 17. Qf3 Bf5 18. a3 d3 19. Bxd3 Nxd3 20. Nxd3 Be4 21. Qg3
Bc5 22. b4 Bd4 23. Rb1 Rac8 24. Rb3 Qc6 25. Nc5 Bxc5 26. Rc3 Qd5+ 27. Bd2 Rcd8
0-1

[Event "Bundesliga 0102"]
[Site "Deutschland"]
[Date "2001.11.25"]
[Round "4.8"]
[White "Nijboer, Friso"]
[Black "Perschke, Ulrich"]
[Result "1-0"]
[WhiteElo "2551"]
[BlackElo "2216"]
[PlyCount "77"]
[EventDate "2001.10.06"]
[EventType "team"]
[EventRounds "15"]
[EventCountry "GER"]
[SourceTitle "Bundesliga 0102"]
[Source "DeepChess"]
[SourceDate "2005.01.01"]
[SourceVersion "1"]
[SourceVersionDate "2005.01.01"]
[SourceQuality "1"]
[WhiteTeam "SG Porz e.V."]
[BlackTeam "SGEM Heiligenhaus 1937 e. V."]
[WhiteTeamCountry "GER"]
[BlackTeamCountry "GER"]

1. e4 g6 2. d4 Bg7 3. Nf3 d6 4. c3 Nf6 5. Bd3 O-O 6. O-O Nbd7 7. Re1 e5 8. Nbd2
Re8 9. d5 Nh5 10. Bf1 Rf8 11. a4 a5 12. Ra3 Qe8 13. Bb5 h6 14. b4 f5 15. exf5
gxf5 16. Nd4 Nf4 17. N2f3 Nxd5 18. Nxf5 Rxf5 19. Qxd5+ Kh8 20. Qe4 Rf6 21. Qh4
Qg6 22. Qg3 Nf8 23. Nh4 Qxg3 24. hxg3 Bd7 25. Bxd7 Nxd7 26. f4 Rf7 27. Be3 Kh7
28. b5 Re8 29. Nf3 Nf6 30. c4 Ng4 31. Bf2 e4 32. Nh2 Nxf2 33. Kxf2 Bd4+ 34. Ke2
Bc5 35. Rb3 h5 36. Rd1 c6 37. bxc6 bxc6 38. Nf1 Rg7 39. Rdb1 1-0

[Event "Bundesliga 0102"]
[Site "Deutschland"]
[Date "2001.11.25"]
[Round "4.1"]
[White "Bischoff, Klaus"]
[Black "Ribli, Zoltan"]
[Result "1/2-1/2"]
[WhiteElo "2541"]
[BlackElo "2564"]
[PlyCount "33"]
[EventDate "2001.10.06"]
[EventType "team"]
[EventRounds "15"]
[EventCountry "GER"]
[SourceTitle "Bundesliga 0102"]
[Source "DeepChess"]
[SourceDate "2005.01.01"]
[SourceVersion "1"]
[SourceVersionDate "2005.01.01"]
[SourceQuality "1"]
[WhiteTeam "SK Koenig Plauen"]
[BlackTeam "TV Tegernsee"]
[WhiteTeamCountry "GER"]
[BlackTeamCountry "GER"]

1. c4 Nf6 2. Nf3 e6 3. Nc3 d5 4. d4 c5 5. cxd5 Nxd5 6. g3 Nc6 7. Bg2 cxd4 8.
Nxd4 Nxc3 9. bxc3 Nxd4 10. Qxd4 Qxd4 11. cxd4 Bb4+ 12. Bd2 Bxd2+ 13. Kxd2 Ke7
14. Rhc1 Rd8 15. Rc7+ Rd7 16. Rac1 Kd8 17. Rxd7+ 1/2-1/2

[Event "Bundesliga 0102"]
[Site "Deutschland"]
[Date "2001.11.25"]
[Round "4.2"]
[White "Sokolov, Andrei"]
[Black "Markowski, Tomasz"]
[Result "1-0"]
[WhiteElo "2604"]
[BlackElo "2548"]
[PlyCount "63"]
[EventDate "2001.10.06"]
[EventType "team"]
[EventRounds "15"]
[EventCountry "GER"]
[SourceTitle "Bundesliga 0102"]
[Source "DeepChess"]
[SourceDate "2005.01.01"]
[SourceVersion "1"]
[SourceVersionDate "2005.01.01"]
[SourceQuality "1"]
[WhiteTeam "TV Tegernsee"]
[BlackTeam "SK Koenig Plauen"]
[WhiteTeamCountry "GER"]
[BlackTeamCountry "GER"]

1. e4 c5 2. Nf3 e6 3. d4 cxd4 4. Nxd4 a6 5. Nc3 b5 6. Bd3 d6 7. O-O Nf6 8. Qe2
Be7 9. f4 Bb7 10. a4 b4 11. Nd1 Nbd7 12. a5 Nc5 13. Nf2 Nfd7 14. Bd2 Bf6 15.
Qe3 b3 16. Bc3 O-O 17. cxb3 e5 18. fxe5 dxe5 19. Nf5 Nxb3 20. Rad1 Nd4 21. Ng4
Bg5 22. Qg3 Nxf5 23. Rxf5 Bh4 24. Qh3 Be7 25. Bc4 Qc7 26. Bxf7+ Rxf7 27. Rxf7
Kxf7 28. Rxd7 Qc5+ 29. Kh1 Bc8 30. Nxe5+ Ke8 31. Qe6 Bxd7 32. Qg8+ 1-0

[Event "Bundesliga 0102"]
[Site "Deutschland"]
[Date "2001.11.25"]
[Round "4.3"]
[White "Kindermann, Stefan"]
[Black "Hertneck, Gerald"]
[Result "1-0"]
[WhiteElo "2520"]
[BlackElo "2572"]
[PlyCount "87"]
[EventDate "2001.10.06"]
[EventType "team"]
[EventRounds "15"]
[EventCountry "GER"]
[SourceTitle "Bundesliga 0102"]
[Source "DeepChess"]
[SourceDate "2005.01.01"]
[SourceVersion "1"]
[SourceVersionDate "2005.01.01"]
[SourceQuality "1"]
[WhiteTeam "SK Koenig Plauen"]
[BlackTeam "TV Tegernsee"]
[WhiteTeamCountry "GER"]
[BlackTeamCountry "GER"]

1. e4 e6 2. d4 d5 3. Nd2 b6 4. Ngf3 Nf6 5. exd5 Nxd5 6. Ne5 Bb7 7. Ndf3 f6 8.
Nc4 Qd7 9. c3 Nc6 10. Be2 O-O-O 11. O-O g5 12. Bd2 Nf4 13. Bxf4 gxf4 14. a4 a6
15. Re1 Bg7 16. b4 Ne7 17. Nfd2 Nd5 18. Qb3 e5 19. dxe5 fxe5 20. Bf3 e4 21.
Nxe4 Nxc3 22. Ned6+ Qxd6 23. Nxd6+ Rxd6 24. Bxb7+ Kxb7 25. Rac1 Rc6 26. Rc2 Rd8
27. h3 f3 28. Qf7 Ne2+ 29. Rexe2 fxe2 30. Rxe2 Bf8 31. b5 Rc1+ 32. Kh2 Bd6+ 33.
g3 Rf8 34. Qxh7 Rc4 35. bxa6+ Ka7 36. Qd7 Rc5 37. Kg2 Kxa6 38. Re8 Rxe8 39.
Qxe8 Ka5 40. h4 Kb4 41. h5 Re5 42. Qg6 Kxa4 43. h6 Re7 44. h7 1-0

[Event "Bundesliga 0102"]
[Site "Deutschland"]
[Date "2001.11.25"]
[Round "4.4"]
[White "Beim, Valery"]
[Black "Espig, Lutz"]
[Result "1-0"]
[WhiteElo "2527"]
[BlackElo "2421"]
[PlyCount "89"]
[EventDate "2001.10.06"]
[EventType "team"]
[EventRounds "15"]
[EventCountry "GER"]
[SourceTitle "Bundesliga 0102"]
[Source "DeepChess"]
[SourceDate "2005.01.01"]
[SourceVersion "1"]
[SourceVersionDate "2005.01.01"]
[SourceQuality "1"]
[WhiteTeam "TV Tegernsee"]
[BlackTeam "SK Koenig Plauen"]
[WhiteTeamCountry "GER"]
[BlackTeamCountry "GER"]

1. d4 Nf6 2. c4 d6 3. Nc3 Nbd7 4. e4 e5 5. Nf3 Be7 6. Be2 O-O 7. O-O c6 8. Qc2
a6 9. Rd1 Qc7 10. Bg5 Re8 11. Rac1 h6 12. Bh4 Nh7 13. Bxe7 Rxe7 14. b4 Nhf6 15.
Nh4 Nf8 16. d5 cxd5 17. Nxd5 Nxd5 18. cxd5 Qxc2 19. Rxc2 g5 20. Rdc1 Bd7 21.
Nf3 Nh7 22. h4 g4 23. Nd2 Nf6 24. Nc4 Ba4 25. Rc3 Rd8 26. Nb6 Bb5 27. Bxb5 axb5
28. f3 gxf3 29. gxf3 Ne8 30. Nc8 Red7 31. Nb6 Re7 32. Nc8 Red7 33. Kf2 f5 34.
exf5 Rf7 35. Rg1+ Kh7 36. Rg6 Rxf5 37. Re6 Rf7 38. Rxe8 Rxe8 39. Nxd6 Ree7 40.
Nxf7 Rxf7 41. Ke3 Kg6 42. Ke4 Rf4+ 43. Kxe5 Rxh4 44. d6 Rh1 45. d7 1-0

[Event "Bundesliga 0102"]
[Site "Deutschland"]
[Date "2001.11.25"]
[Round "4.6"]
[White "Stangl, Markus"]
[Black "Haskamp, Stephan"]
[Result "1-0"]
[WhiteElo "2457"]
[BlackElo "2310"]
[PlyCount "97"]
[EventDate "2001.10.06"]
[EventType "team"]
[EventRounds "15"]
[EventCountry "GER"]
[SourceTitle "Bundesliga 0102"]
[Source "DeepChess"]
[SourceDate "2005.01.01"]
[SourceVersion "1"]
[SourceVersionDate "2005.01.01"]
[SourceQuality "1"]
[WhiteTeam "TV Tegernsee"]
[BlackTeam "SK Koenig Plauen"]
[WhiteTeamCountry "GER"]
[BlackTeamCountry "GER"]

1. Nf3 c5 2. c4 g6 3. d4 cxd4 4. Nxd4 Bg7 5. e4 Qb6 6. Nb3 Qc7 7. Be2 d6 8. O-O
Nd7 9. Qc2 Ngf6 10. Be3 O-O 11. Nc3 a6 12. Rac1 e6 13. Rfd1 b6 14. Qd2 Ne8 15.
Bg5 Ne5 16. f4 Nc6 17. Bf3 Bxc3 18. Rxc3 f6 19. Bh4 e5 20. f5 g5 21. Bf2 Ne7
22. Nc1 Bb7 23. Rb3 g4 24. Bxg4 Bxe4 25. Rg3 Kh8 26. Qe3 Qxc4 27. Qxb6 Nd5 28.
Qb3 Rc8 29. Qxc4 Rxc4 30. Nb3 Rb4 31. Rd2 Ne7 32. a3 Rb8 33. Be2 Nxf5 34. Rg4
Rxb3 35. Rxe4 Nc7 36. Rc4 Rf7 37. Rdc2 Ne8 38. Rc8 Re7 39. Bc4 Rbb7 40. Bxa6
Rb3 41. Bc4 Rbb7 42. Bd5 Rbd7 43. Bb6 Kg7 44. a4 e4 45. Bc6 Kf7 46. a5 d5 47.
Bxd7 Rxd7 48. a6 d4 49. a7 1-0

[Event "Bundesliga 0102"]
[Site "Deutschland"]
[Date "2001.11.25"]
[Round "4.7"]
[White "Sandner, Gunter"]
[Black "Gross, David2"]
[Result "1-0"]
[WhiteElo "2327"]
[BlackElo "2463"]
[PlyCount "151"]
[EventDate "2001.10.06"]
[EventType "team"]
[EventRounds "15"]
[EventCountry "GER"]
[SourceTitle "Bundesliga 0102"]
[Source "DeepChess"]
[SourceDate "2005.01.01"]
[SourceVersion "1"]
[SourceVersionDate "2005.01.01"]
[SourceQuality "1"]
[WhiteTeam "SK Koenig Plauen"]
[BlackTeam "TV Tegernsee"]
[WhiteTeamCountry "GER"]
[BlackTeamCountry "GER"]

1. Nf3 Nf6 2. g3 d5 3. Bg2 g6 4. O-O Bg7 5. d4 O-O 6. c4 dxc4 7. Na3 Nc6 8.
Nxc4 Be6 9. b3 Bd5 10. Bb2 a5 11. a4 Qc8 12. e3 Qe6 13. Qe2 h6 14. Ne1 Bxg2 15.
Nxg2 Nh5 16. Rad1 Rfd8 17. Rd2 f5 18. Rfd1 Nb4 19. f3 g5 20. e4 fxe4 21. Qxe4
Qxe4 22. fxe4 Nf6 23. Re1 e6 24. Ree2 Nc6 25. Ne1 g4 26. Kg2 Rab8 27. d5 exd5
28. Bxf6 Bxf6 29. exd5 Nd4 30. Re4 Nxb3 31. Rxg4+ Bg7 32. Rb2 h5 33. Rxg7+ Kxg7
34. Rxb3 Rxd5 35. Nd3 Kh6 36. Nf4 Rc5 37. Ne3 b6 38. Ne6 Rc6 39. Nf5+ Kh7 40.
Re3 Rc2+ 41. Kh3 Kg6 42. Ne7+ Kf7 43. Ng5+ Kf8 44. Ng6+ Kg7 45. Nf4 b5 46. axb5
a4 47. Nge6+ Kf7 48. Nd4 Rd2 49. Nfe6 Kf6 50. Rf3+ Kg6 51. Ra3 Ra8 52. Nxc7 Rf8
53. Nf3 Rb2 54. Ne6 Ra8 55. Ned4 Rb4 56. Ne5+ Kh6 57. Nef3 Kg6 58. Kg2 Rd8 59.
Ne5+ Kf6 60. Rf3+ Kxe5 61. Nc6+ Kd5 62. Nxb4+ Kc4 63. Nc2 Kxb5 64. Kf1 Rd2 65.
Rf2 Rxf2+ 66. Kxf2 Kc4 67. Ke3 Kc3 68. Nd4 Kc4 69. h3 a3 70. Nc2 a2 71. Kd2 Kd5
72. Kd3 Kc5 73. Kc3 Kd5 74. Kb2 Ke4 75. g4 Kf4 76. Ne3 1-0

[Event "Bundesliga 0102"]
[Site "Deutschland"]
[Date "2001.11.25"]
[Round "4.8"]
[White "Kachiani Gersinska, Ketino"]
[Black "Dirr, Ulrich"]
[Result "1/2-1/2"]
[WhiteElo "2453"]
[BlackElo "2323"]
[PlyCount "85"]
[EventDate "2001.10.06"]
[EventType "team"]
[EventRounds "15"]
[EventCountry "GER"]
[SourceTitle "Bundesliga 0102"]
[Source "DeepChess"]
[SourceDate "2005.01.01"]
[SourceVersion "1"]
[SourceVersionDate "2005.01.01"]
[SourceQuality "1"]
[WhiteTeam "TV Tegernsee"]
[BlackTeam "SK Koenig Plauen"]
[WhiteTeamCountry "GER"]
[BlackTeamCountry "GER"]

1. d4 f5 2. Nf3 Nf6 3. c4 g6 4. g3 Bg7 5. b4 d6 6. Bb2 e5 7. dxe5 Nfd7 8. Bg2
Nc6 9. O-O O-O 10. c5 Ndxe5 11. cxd6 Qxd6 12. Qxd6 cxd6 13. Nxe5 dxe5 14. Bd5+
Kh8 15. b5 Nd4 16. Nc3 Rd8 17. Rfd1 e4 18. Rab1 Ne6 19. Bb3 b6 20. Rxd8+ Nxd8
21. Rd1 Be6 22. Na4 Bxb3 23. axb3 Bxb2 24. Nxb2 Ne6 25. Nc4 Rc8 26. Rd6 Nc5 27.
b4 Na4 28. Rc6 Rd8 29. Nd6 Rd7 30. g4 fxg4 31. Nxe4 Kg7 32. e3 Nb2 33. Nf6 Rd1+
34. Kg2 h5 35. Ne4 Nd3 36. Rc7+ Kf8 37. h4 Ra1 38. Rd7 Ne5 39. Rb7 Nf3 40. Kg3
Ra4 41. Nd6 Rxb4 42. e4 Nd4 43. Rxa7 1/2-1/2

[Event "Bundesliga 0102"]
[Site "Deutschland"]
[Date "2002.02.01"]
[Round "5.1"]
[White "Luther, Thomas"]
[Black "Bischoff, Klaus"]
[Result "1/2-1/2"]
[WhiteElo "2604"]
[BlackElo "2541"]
[PlyCount "39"]
[EventDate "2001.10.06"]
[EventType "team"]
[EventRounds "15"]
[EventCountry "GER"]
[SourceTitle "Bundesliga 0102"]
[Source "DeepChess"]
[SourceDate "2005.01.01"]
[SourceVersion "1"]
[SourceVersionDate "2005.01.01"]
[SourceQuality "1"]
[WhiteTeam "Erfurter SK"]
[BlackTeam "SK Koenig Plauen"]
[WhiteTeamCountry "GER"]
[BlackTeamCountry "GER"]

1. e4 c5 2. Nf3 Nc6 3. d4 cxd4 4. Nxd4 Nf6 5. Nc3 d6 6. Bg5 e6 7. Qd2 Qb6 8.
O-O-O Qxd4 9. Qxd4 Nxd4 10. Rxd4 a6 11. f3 Bd7 12. Bc4 Be7 13. Be3 O-O 14. Bb3
b5 15. a3 Rfc8 16. Rd2 Be8 17. Bf4 Nh5 18. Be3 Nf6 19. Bf4 Nh5 20. Be3 1/2-1/2

[Event "Bundesliga 0102"]
[Site "Deutschland"]
[Date "2002.02.01"]
[Round "5.3"]
[White "Kuczynski, Robert"]
[Black "Kindermann, Stefan"]
[Result "1/2-1/2"]
[WhiteElo "2470"]
[BlackElo "2520"]
[PlyCount "38"]
[EventDate "2001.10.06"]
[EventType "team"]
[EventRounds "15"]
[EventCountry "GER"]
[SourceTitle "Bundesliga 0102"]
[Source "DeepChess"]
[SourceDate "2005.01.01"]
[SourceVersion "1"]
[SourceVersionDate "2005.01.01"]
[SourceQuality "1"]
[WhiteTeam "Erfurter SK"]
[BlackTeam "SK Koenig Plauen"]
[WhiteTeamCountry "GER"]
[BlackTeamCountry "GER"]

1. e4 e6 2. d4 d5 3. Nc3 Bb4 4. e5 c5 5. a3 Bxc3+ 6. bxc3 Ne7 7. h4 Qc7 8. Nf3
b6 9. Bb5+ Bd7 10. Bd3 Ba4 11. O-O Nd7 12. h5 h6 13. Re1 O-O-O 14. Rb1 Kb7 15.
Bd2 Ka8 16. Nh4 Rhg8 17. Bh7 Rh8 18. Bd3 Rhg8 19. Bh7 Rh8 1/2-1/2

[Event "Bundesliga 0102"]
[Site "Deutschland"]
[Date "2002.02.01"]
[Round "5.4"]
[White "Espig, Lutz"]
[Black "Paehtz, Thomas Sr"]
[Result "1/2-1/2"]
[WhiteElo "2421"]
[BlackElo "2451"]
[PlyCount "46"]
[EventDate "2001.10.06"]
[EventType "team"]
[EventRounds "15"]
[EventCountry "GER"]
[SourceTitle "Bundesliga 0102"]
[Source "DeepChess"]
[SourceDate "2005.01.01"]
[SourceVersion "1"]
[SourceVersionDate "2005.01.01"]
[SourceQuality "1"]
[WhiteTeam "SK Koenig Plauen"]
[BlackTeam "Erfurter SK"]
[WhiteTeamCountry "GER"]
[BlackTeamCountry "GER"]

1. Nf3 Nf6 2. g3 g6 3. b3 Bg7 4. Bb2 O-O 5. Bg2 d6 6. d4 e5 7. dxe5 Ng4 8. h3
Nxe5 9. Nxe5 dxe5 10. Qxd8 Rxd8 11. Nd2 c6 12. O-O-O Be6 13. Nc4 Rxd1+ 14. Rxd1
Nd7 15. Na5 Rb8 16. e3 h5 17. Ba3 Bf8 18. Bxf8 Kxf8 19. Kb2 Nf6 20. c4 Bf5 21.
b4 Ne4 22. Bxe4 Bxe4 23. h4 b6 1/2-1/2

[Event "Bundesliga 0102"]
[Site "Deutschland"]
[Date "2002.02.01"]
[Round "5.5"]
[White "Fontaine, Robert"]
[Black "Kuraszkiewicz, Michael"]
[Result "1-0"]
[WhiteElo "2452"]
[BlackElo "2350"]
[PlyCount "89"]
[EventDate "2001.10.06"]
[EventType "team"]
[EventRounds "15"]
[EventCountry "GER"]
[SourceTitle "Bundesliga 0102"]
[Source "DeepChess"]
[SourceDate "2005.01.01"]
[SourceVersion "1"]
[SourceVersionDate "2005.01.01"]
[SourceQuality "1"]
[WhiteTeam "Erfurter SK"]
[BlackTeam "SK Koenig Plauen"]
[WhiteTeamCountry "GER"]
[BlackTeamCountry "GER"]

1. e4 e6 2. d4 d5 3. Nc3 Bb4 4. e5 b6 5. Bd2 Qd7 6. Nf3 Ne7 7. h4 Bxc3 8. Bxc3
c5 9. h5 h6 10. g4 Ba6 11. Bh3 Nbc6 12. Qd2 cxd4 13. Nxd4 Nxd4 14. Qxd4 Rc8 15.
O-O-O Be2 16. Rd2 Rc4 17. Qe3 Bxg4 18. b3 Nf5 19. Qd3 Rf4 20. Bg2 g6 21. hxg6
fxg6 22. Bb2 Qe7 23. Qa6 Qc7 24. Qb5+ Kf8 25. Kb1 Kg7 26. Rc1 Ra8 27. c4 a6 28.
Qa4 Qa7 29. Qa3 Nh4 30. cxd5 Nxg2 31. dxe6 Bxe6 32. Qd6 Re8 33. Rc7+ Qxc7 34.
Qxc7+ Rf7 35. Qxb6 Bf5+ 36. Ka1 Re6 37. Rd6 Ne1 38. Bc3 Nc2+ 39. Kb2 Rfe7 40.
Qb8 g5 41. Rd8 Kg6 42. Rg8+ Rg7 43. Qf8 Rxg8 44. Qxg8+ Kh5 45. Qf7+ 1-0

[Event "Bundesliga 0102"]
[Site "Deutschland"]
[Date "2002.02.01"]
[Round "5.7"]
[White "Casper, Thomas"]
[Black "Sandner, Gunter"]
[Result "1-0"]
[WhiteElo "2409"]
[BlackElo "2327"]
[PlyCount "81"]
[EventDate "2001.10.06"]
[EventType "team"]
[EventRounds "15"]
[EventCountry "GER"]
[SourceTitle "Bundesliga 0102"]
[Source "DeepChess"]
[SourceDate "2005.01.01"]
[SourceVersion "1"]
[SourceVersionDate "2005.01.01"]
[SourceQuality "1"]
[WhiteTeam "Erfurter SK"]
[BlackTeam "SK Koenig Plauen"]
[WhiteTeamCountry "GER"]
[BlackTeamCountry "GER"]

1. e4 c5 2. Nf3 Nc6 3. Bb5 g6 4. O-O Bg7 5. Re1 Nf6 6. h3 a6 7. Bxc6 bxc6 8. c3
O-O 9. d4 cxd4 10. cxd4 d6 11. Nc3 Qc7 12. Bf4 Nh5 13. Be3 Bb7 14. Rc1 Rad8 15.
Qb3 Qb8 16. Bg5 Rfe8 17. Na4 Qa7 18. e5 h6 19. Be3 g5 20. exd6 exd6 21. Bd2 Nf6
22. Ba5 Rxe1+ 23. Rxe1 Re8 24. Rxe8+ Nxe8 25. Qe3 Kf8 26. Nb6 Nf6 27. h4 g4 28.
Nh2 h5 29. Nf1 Qb8 30. Ng3 Qe8 31. Bb4 Qd8 32. Nf5 Ne8 33. Nc4 Kg8 34. Ncxd6
Nxd6 35. Bxd6 Bc8 36. Nxg7 Kxg7 37. Be5+ Kg6 38. Qe4+ Bf5 39. Qxc6+ f6 40. Qxa6
Kf7 41. Qd6 1-0

[Event "Bundesliga 0102"]
[Site "Deutschland"]
[Date "2002.02.01"]
[Round "5.8"]
[White "Dirr, Ulrich"]
[Black "Paehtz, Elisabeth"]
[Result "1/2-1/2"]
[WhiteElo "2323"]
[BlackElo "2390"]
[PlyCount "69"]
[EventDate "2001.10.06"]
[EventType "team"]
[EventRounds "15"]
[EventCountry "GER"]
[SourceTitle "Bundesliga 0102"]
[Source "DeepChess"]
[SourceDate "2005.01.01"]
[SourceVersion "1"]
[SourceVersionDate "2005.01.01"]
[SourceQuality "1"]
[WhiteTeam "SK Koenig Plauen"]
[BlackTeam "Erfurter SK"]
[WhiteTeamCountry "GER"]
[BlackTeamCountry "GER"]

1. e4 c5 2. Nf3 d6 3. Bb5+ Nd7 4. d4 Ngf6 5. Nc3 a6 6. Bxd7+ Nxd7 7. O-O e6 8.
Bg5 Qc7 9. Re1 cxd4 10. Qxd4 Ne5 11. Na4 f6 12. Nb6 Rb8 13. Bd2 Be7 14. a4 Kf7
15. a5 Rd8 16. Ra3 Qc5 17. Qxc5 Nxf3+ 18. Rxf3 dxc5 19. Bf4 Bd6 20. Rd3 e5 21.
Be3 Be6 22. Red1 Be7 23. Rxd8 Rxd8 24. Rxd8 Bxd8 25. Bxc5 Bxb6 26. Bxb6 Ba2 27.
f3 Bb1 28. c3 Ba2 29. Kf2 Bc4 30. Ke3 Ke6 31. Bc5 g6 32. f4 Bf1 33. g3 Bc4 34.
Bf8 h5 35. Bc5 1/2-1/2

[Event "Bundesliga 0102"]
[Site "Deutschland"]
[Date "2002.02.01"]
[Round "5.1"]
[White "Dautov, Rustem"]
[Black "Lutz, Christopher"]
[Result "1/2-1/2"]
[WhiteElo "2630"]
[BlackElo "2643"]
[PlyCount "71"]
[EventDate "2001.10.06"]
[EventType "team"]
[EventRounds "15"]
[EventCountry "GER"]
[SourceTitle "Bundesliga 0102"]
[Source "DeepChess"]
[SourceDate "2005.01.01"]
[SourceVersion "1"]
[SourceVersionDate "2005.01.01"]
[SourceQuality "1"]
[WhiteTeam "Godesberger SK 1929"]
[BlackTeam "SG Porz e.V."]
[WhiteTeamCountry "GER"]
[BlackTeamCountry "GER"]

1. d4 Nf6 2. c4 e6 3. Nf3 b6 4. g3 Ba6 5. b3 Bb4+ 6. Bd2 Be7 7. Nc3 O-O 8. Qc2
d5 9. cxd5 Nxd5 10. Bg2 c5 11. O-O Nc6 12. Nxd5 exd5 13. Bc3 Rc8 14. Qb2 c4 15.
Ne5 b5 16. a3 Re8 17. Rfe1 Bf8 18. Nxc6 Rxc6 19. e4 dxe4 20. Rxe4 Rxe4 21. Bxe4
Re6 22. Bf3 Qc7 23. d5 Re8 24. Rd1 f6 25. h4 Bc8 26. h5 Bc5 27. Kg2 Qd7 28. Rh1
h6 29. bxc4 bxc4 30. Bd4 Bf8 31. Qc3 Bb7 32. Qxc4 Rd8 33. Bxa7 Bxd5 34. Bxd5+
Qxd5+ 35. Qxd5+ Rxd5 36. Be3 1/2-1/2

[Event "Bundesliga 0102"]
[Site "Deutschland"]
[Date "2002.02.01"]
[Round "5.2"]
[White "Khalifman, Alexander"]
[Black "Gurevich, Mikhail"]
[Result "1-0"]
[WhiteElo "2699"]
[BlackElo "2633"]
[PlyCount "89"]
[EventDate "2001.10.06"]
[EventType "team"]
[EventRounds "15"]
[EventCountry "GER"]
[SourceTitle "Bundesliga 0102"]
[Source "DeepChess"]
[SourceDate "2005.01.01"]
[SourceVersion "1"]
[SourceVersionDate "2005.01.01"]
[SourceQuality "1"]
[WhiteTeam "SG Porz e.V."]
[BlackTeam "Godesberger SK 1929"]
[WhiteTeamCountry "GER"]
[BlackTeamCountry "GER"]

1. e4 e6 2. d4 d5 3. Nc3 Nf6 4. e5 Nfd7 5. f4 c5 6. Nf3 Nc6 7. Be3 cxd4 8. Nxd4
Bc5 9. Qd2 O-O 10. O-O-O Nxd4 11. Bxd4 a6 12. Kb1 b5 13. Qe3 Qc7 14. Bd3 Bxd4
15. Qxd4 Qc5 16. Ne2 b4 17. Rc1 Qxd4 18. Nxd4 Nc5 19. Rhd1 Na4 20. Re1 Bd7 21.
Re3 Rfc8 22. f5 exf5 23. Bxf5 Bxf5 24. Nxf5 Re8 25. Rd1 Nb6 26. b3 g6 27. Nd4
Rac8 28. e6 f5 29. c3 bxc3 30. Rc1 Kg7 31. Rexc3 Kf6 32. Rc6 Rb8 33. Kc2 a5 34.
Kd3 a4 35. Rc7 axb3 36. axb3 h6 37. h4 Rbc8 38. Rf7+ Ke5 39. Re1+ Kf4 40. h5
Kg5 41. hxg6 Kxg6 42. Nxf5 Rcd8 43. Ne7+ Kg5 44. Re5+ Kg4 45. Rg7+ 1-0